<?xml version="1.0" encoding="UTF-8"?><?xml-stylesheet type="text/xsl" href="static/style.xsl"?><OAI-PMH xmlns="http://www.openarchives.org/OAI/2.0/" xmlns:xsi="http://www.w3.org/2001/XMLSchema-instance" xsi:schemaLocation="http://www.openarchives.org/OAI/2.0/ http://www.openarchives.org/OAI/2.0/OAI-PMH.xsd"><responseDate>2026-04-18T06:29:23Z</responseDate><request verb="GetRecord" identifier="oai:www.recercat.cat:20.500.12327/1088" metadataPrefix="marc">https://recercat.cat/oai/request</request><GetRecord><record><header><identifier>oai:recercat.cat:20.500.12327/1088</identifier><datestamp>2025-10-22T11:30:31Z</datestamp><setSpec>com_2072_4428</setSpec><setSpec>com_2072_4427</setSpec><setSpec>col_2072_487898</setSpec></header><metadata><record xmlns="http://www.loc.gov/MARC21/slim" xmlns:dcterms="http://purl.org/dc/terms/" xmlns:xsi="http://www.w3.org/2001/XMLSchema-instance" xmlns:doc="http://www.lyncode.com/xoai" xsi:schemaLocation="http://www.loc.gov/MARC21/slim http://www.loc.gov/standards/marcxml/schema/MARC21slim.xsd">
   <leader>00925njm 22002777a 4500</leader>
   <datafield ind2=" " ind1=" " tag="042">
      <subfield code="a">dc</subfield>
   </datafield>
   <datafield ind2=" " ind1=" " tag="720">
      <subfield code="a">García-Gudiño, Javier</subfield>
      <subfield code="e">author</subfield>
   </datafield>
   <datafield ind2=" " ind1=" " tag="720">
      <subfield code="a">Blanco-Penedo, Isabel</subfield>
      <subfield code="e">author</subfield>
   </datafield>
   <datafield ind2=" " ind1=" " tag="720">
      <subfield code="a">Font-i-Furnols, Maria</subfield>
      <subfield code="e">author</subfield>
   </datafield>
   <datafield ind2=" " ind1=" " tag="720">
      <subfield code="a">Angón, Elena</subfield>
      <subfield code="e">author</subfield>
   </datafield>
   <datafield ind2=" " ind1=" " tag="720">
      <subfield code="a">Perea, José Manuel</subfield>
      <subfield code="e">author</subfield>
   </datafield>
   <datafield ind2=" " ind1=" " tag="260">
      <subfield code="c">2021-02-05</subfield>
   </datafield>
   <datafield ind2=" " ind1=" " tag="520">
      <subfield code="a">At present, two types of fattening are carried out in Iberian traditional pig production. The montanera is the fattening system where fatteners are fed on acorns and pasture in the dehesa, and cebo de campo is the fattening where the pigs are fed on compound feed and natural resources, mainly pasture. The aim of this paper is to analyze Iberian fattening production from an economic and environmental approach in order to identify fattening strategies to increase the sustainability of this traditional livestock activity. Based on technical-economic and environmental variables, the differences between Iberian farms according to the types of fattening were determined using discriminant analysis techniques. The model based on environmental variables showed a greater predictive ability than that found in the model based on technical-economic variables. Consequently, environmental variables can be used as reference points to classify the Iberian farms according to the type of fattening. Furthermore, canonical correlation analysis allowed to study the relationships between both sets of variables, showing that environmental values had a strong correlation with technical-economic variables. The results of this study show that it is possible to improve the sustainability of Iberian traditional pig production through fattening strategies in both types of fattening.</subfield>
   </datafield>
   <datafield ind1="8" ind2=" " tag="024">
      <subfield code="a">García-Gudiño, Javier, Isabel Blanco-Penedo, Maria Font-i-Furnols, Elena Angón, and José Manuel Perea. 2021. "Analysis Of The Sustainability Of Fattening Systems For Iberian Traditional Pig Production Through A Technical And Environmental Approach". Animals 11 (2): 411. doi:10.3390/ani11020411.</subfield>
   </datafield>
   <datafield ind1="8" ind2=" " tag="024">
      <subfield code="a">2076-2615</subfield>
   </datafield>
   <datafield ind1="8" ind2=" " tag="024">
      <subfield code="a">http://hdl.handle.net/20.500.12327/1088</subfield>
   </datafield>
   <datafield ind1="8" ind2=" " tag="024">
      <subfield code="a">https://doi.org/10.3390/ani11020411</subfield>
   </datafield>
   <datafield ind2="0" ind1="0" tag="245">
      <subfield code="a">Analysis of the Sustainability of Fattening Systems for Iberian Traditional Pig Production through a Technical and Environmental Approach</subfield>
   </datafield>
</record></metadata></record></GetRecord></OAI-PMH>